[Event "POL-ch U18 Girls"]
[Site "Jastrzebia Gora"]
[Date "2023.??.??"]
[Round "8"]
[White "Krzyzosiak, Anna"]
[Black "Labedz, Gabriela"]
[Result "1-0"]
[WhiteElo "1503"]
[BlackElo "1425"]
[PlyCount "97"]
[EventDate "2023.03.11"]
[EventType "swiss"]
[EventRounds "9"]
[EventCountry "POL"]
[SourceTitle "CBM 213 Extra"]
[Source "ChessBase"]
[SourceDate "2023.05.31"]
[SourceVersion "1"]
[SourceVersionDate "2023.05.31"]
[SourceQuality "1"]

1. Nf3 d5 2. g3 c5 3. Bg2 Nc6 4. 0-0 Nf6 5. d3 e5 6. Nbd2 Be7 7. e4 0-0 8. Re1 d4 9. Nc4 Qc7 10. a4 Bd7 11. Nh4 a6 12. f4 Bd6 13. Nf5 Ne8 14. Ncxd6 Nxd6 15. fxe5 Nxf5 16. exf5 Bxf5 17. Bf4 Qd7 18. Qh5 Nb4 19. Be4 Bxe4 20. Rxe4 Nd5 21. Bd2 Ne3 22. Bxe3 dxe3 23. Qe2 Qc6 24. Qxe3 b5 25. a5 h6 26. Rf1 Qc7 27. Rg4 Kh7 28. Qe4+ Kh8 29. Qe1 Rae8 30. Re4 b4 31. Qe3 Qxa5 32. Rh4 Qb6 33. Kg2 Qc6+ 34. Kg1 Re6 35. Rc4 Rfe8 36. Qxc5 Qxc5+ 37. Rxc5 Rxe5 38. Rxe5 Rxe5 39. Rxf7 a5 40. Kf1 Kg8 41. Rf4 Rc5 42. Rf2 a4 43. Ke1 Ra5 44. Kd2 g5 45. Rf1 Kg7 46. c3 b3 47. c4 a3 48. Kc3 axb2 49. Rb1 1-0